| 000 | 00393cam a2200157ua 4500 | ||
|---|---|---|---|
| 041 |
_aeng _h |
||
| 082 |
_a828.09 _bTIL/SH |
||
| 100 | _aTillyard, E M W . | ||
| 245 |
_aShakeapeare`s history plays / _cE M W Tillyard. _hTextual Documents |
||
| 260 |
_aLondon : _bChatto and Windus , _c1961. |
||
| 300 | _a333 ; . | ||
| 504 | _a | ||
| 942 | _cBK | ||
| 999 |
_c5367 _d5367 |
||